000 00600nam a2200217Ia 4500
005 20250508163611.0
008 008 250505s9999 xx 000 0 eng d
020 _a81-224-0260-7
037 _aTextBook
040 _aFEDL
_beng
_cFEDL
041 _aeng
_2eng
084 _a370.15, RAO
_qFEDL
100 _aRao S Narayan
_9775712
245 0 _aEducational psychology
260 _aNew Delhi, India
_bWiley Eastern Private Limited
_c1990
300 _axv,470p
365 _aINR
_b120
650 _aEducational Psychology
942 _cTB
_h370.15, RAO
999 _c1384293
_d1384293